Statistics for Oceanian Physical Geography by Picture

Click here to take the quiz!

General Stats

  • This quiz has been taken 55 times
  • The average score is 7 of 18

Answer Stats

Answer % Correct
Uluru
96%
Tasmania
89%
Great Barrier Reef
87%
Mariana Trench
80%
Nauru
76%
Aoraki / Mount Cook
58%
New Caledonia
51%
Bora Bora
38%
Hawai'i
24%
Milford Sound
11%
Mount {Taranaki}
11%
{Nullarbor} Plain
11%
Tongariro N.P.
9%
Isthmus of {Auckland}
9%
Lake {Wanaka}
7%
Wall of {Tears}
4%
Devil's Marbles
4%
Lake {Hillier}
2%

Score Distribution

Percentile by Number Answered

Percent of People with Each Score

Your Score History

You have not taken this quiz